[Event "SRB-ch sf"]
[Site "Paracin"]
[Date "2024.02.10"]
[Round "8"]
[White "Mijatovic, Dusan"]
[Black "Gagic, Miroljub"]
[Result "1-0"]
[WhiteElo "2165"]
[BlackElo "1596"]
[PlyCount "83"]
[EventDate "2024.02.05"]
[EventType "swiss"]
[EventRounds "9"]
[EventCountry "SRB"]
[SourceTitle "CB07_2024"]
[SourceDate "2024.02.14"]
[SourceVersion "1"]
[SourceVersionDate "2024.02.14"]
[SourceQuality "1"]

1. e4 e5 2. Nf3 Nc6 3. Bb5 a6 4. Bxc6 dxc6 5. 0-0 f6 6. d4 exd4 7. Nxd4 c5 8. Nb3 Qxd1 9. Rxd1 Bd6 10. Na5 b5 11. Be3 Ne7 12. a4 0-0 13. Nc3 Rb8 14. axb5 axb5 15. f4 Ng6 16. Nd5 Ra8 17. c4 b4 18. Nb3 Bg4 19. Rxa8 Rxa8 20. Rd2 Re8 21. Nxc5 Bxc5 22. Bxc5 Rxe4 23. b3 Nxf4 24. Nxc7 Ne6 25. Nxe6 Rxe6 26. Rd4 Bf5 27. Bxb4 Bc2 28. Rd8+ Kf7 29. Rd7+ Kg8 30. Bd6 Bxb3 31. c5 Ba4 32. Ra7 Bc6 33. Rc7 Bd5 34. Kf2 Be4 35. g3 Bd5 36. h4 h5 37. Ra7 Bh1 38. Ra6 Re8 39. c6 Bd5 40. c7 Be6 41. Rc6 Kf7 42. Bf4 1-0

[Event "SRB-ch sf"]
[Site "Paracin"]
[Date "2024.02.09"]
[Round "6"]
[White "Zivkovic, Momcilo"]
[Black "Gagic, Miroljub"]
[Result "1-0"]
[WhiteElo "1915"]
[BlackElo "1596"]
[PlyCount "67"]
[EventDate "2024.02.05"]
[EventType "swiss"]
[EventRounds "9"]
[EventCountry "SRB"]
[SourceTitle "CB07_2024"]
[SourceDate "2024.02.14"]
[SourceVersion "1"]
[SourceVersionDate "2024.02.14"]
[SourceQuality "1"]

1. e4 e5 2. Nf3 Qe7 3. a3 d6 4. h3 Nf6 5. d3 h6 6. g4 g5 7. Bg2 Nc6 8. Nc3 Be6 9. 0-0 0-0-0 10. d4 exd4 11. Nxd4 Bd7 12. Nxc6 Bxc6 13. Qd4 Kb8 14. Be3 b6 15. Nd5 Bxd5 16. exd5 Bg7 17. Qc4 Nd7 18. a4 Ne5 19. Qe2 h5 20. a5 hxg4 21. hxg4 Ng6 22. axb6 cxb6 23. Rfe1 Rde8 24. Qa6 Qb7 25. Qb5 Rc8 26. c3 Nf4 27. Ra6 Nxg2 28. Kxg2 Kc7 29. Bxg5 Bf8 30. Rea1 Kb8 31. Be3 Qe7 32. Bxb6 Qe4+ 33. f3 Qc4 34. Bc7+ 1-0

[Event "Paracin Winter Amateur"]
[Site "Paracin"]
[Date "2021.01.29"]
[Round "1"]
[White "Radisavljevic, Dalibor"]
[Black "Gagic, Miroljub"]
[Result "1-0"]
[WhiteElo "2231"]
[BlackElo "1762"]
[PlyCount "67"]
[EventDate "2021.01.29"]
[EventType "swiss"]
[EventRounds "9"]
[EventCountry "SRB"]
[SourceTitle "EXT 2022"]
[Source "ChessBase"]
[SourceDate "2021.10.06"]
[SourceVersion "1"]
[SourceVersionDate "2021.10.06"]
[SourceQuality "1"]

1. e4 e5 2. Nf3 Nc6 3. Bb5 a6 4. Ba4 Nf6 5. 0-0 d6 6. Re1 b5 7. Bb3 Be7 8. c3 Bg4 9. h3 Bh5 10. d3 0-0 11. Nbd2 Na5 12. Bc2 c5 13. Nf1 Nc6 14. Ng3 Bg6 15. Nh4 Re8 16. Nhf5 Bf8 17. h4 Bxf5 18. Nxf5 Ne7 19. Nxe7+ Bxe7 20. Bb3 Qd7 21. a4 Qg4 22. Qxg4 Nxg4 23. Bd5 Rab8 24. axb5 axb5 25. Ra7 Kf8 26. Bg5 Nh6 27. Bc6 Ng8 28. Bxe8 Kxe8 29. Bxe7 Nxe7 30. Rea1 Nc6 31. Rc7 Nd8 32. Raa7 b4 33. Re7+ Kf8 34. Red7 1-0

[Event "Niska Banja op"]
[Site "Niska Banja"]
[Date "2020.02.16"]
[Round "7"]
[White "Rajic, Djordje"]
[Black "Gagic, Miroljub"]
[Result "0-1"]
[WhiteElo "1434"]
[BlackElo "1722"]
[PlyCount "66"]
[EventDate "2020.02.13"]
[EventType "swiss"]
[EventRounds "7"]
[EventCountry "SRB"]
[SourceTitle "CBM 195 Extra"]
[Source "ChessBase"]
[SourceDate "2020.05.31"]
[SourceVersion "1"]
[SourceVersionDate "2020.05.31"]
[SourceQuality "1"]

1. e4 g6 2. Nc3 Bg7 3. d4 c6 4. Nf3 d5 5. exd5 cxd5 6. Bf4 Nf6 7. Nb5 Na6 8. Bd3 0-0 9. c3 Nh5 10. Bd2 Nc7 11. Qc2 a6 12. Nxc7 Qxc7 13. g3 Bh3 14. Ng5 Bd7 15. 0-0-0 b5 16. Rde1 e6 17. Kb1 Rfc8 18. a3 a5 19. Qb3 b4 20. axb4 axb4 21. Qxb4 Bf8 22. Qb3 Ba4 23. Qa2 Bc2+ 24. Bxc2 Rxa2 25. Kxa2 Ra8+ 26. Kb1 Qb6 27. Bc1 Nf6 28. Nf3 Rc8 29. Ne5 Ba3 30. b4 Bxb4 31. cxb4 Qxb4+ 32. Ka2 Ra8+ 33. Ba3 Rxa3# 0-1

[Event "Niska Banja op"]
[Site "Niska Banja"]
[Date "2020.02.13"]
[Round "1"]
[White "Krstic, Andrija Marko"]
[Black "Gagic, Miroljub"]
[Result "1-0"]
[WhiteElo "2124"]
[BlackElo "1722"]
[PlyCount "36"]
[EventDate "2020.02.13"]
[EventType "swiss"]
[EventRounds "7"]
[EventCountry "SRB"]
[SourceTitle "CBM 195 Extra"]
[Source "ChessBase"]
[SourceDate "2020.05.31"]
[SourceVersion "1"]
[SourceVersionDate "2020.05.31"]
[SourceQuality "1"]

1. d4 g6 2. c4 Bg7 3. Nc3 c5 4. d5 Bxc3+ 5. bxc3 f5 6. h4 Nf6 7. h5 Rg8 8. hxg6 hxg6 9. Nf3 d6 10. Ng5 Qa5 11. Qb3 Nbd7 12. Bd2 Nb6 13. e3 Bd7 14. Rb1 Ba4 15. Qa3 Qa6 16. Ne6 Kd7 17. Rh4 Rh8 18. Rxh8 Rxh8 1-0

[Event "Paracin Amateur op"]
[Site "Paracin"]
[Date "2020.01.31"]
[Round "1"]
[White "Dimitrijevic, Nenad"]
[Black "Gagic, Miroljub"]
[Result "1-0"]
[WhiteElo "2177"]
[BlackElo "1722"]
[PlyCount "87"]
[EventDate "2020.01.31"]
[EventType "swiss"]
[EventRounds "9"]
[EventCountry "SRB"]
[SourceTitle "CBM 194 Extra"]
[Source "ChessBase"]
[SourceDate "2020.03.31"]
[SourceVersion "1"]
[SourceVersionDate "2020.03.31"]
[SourceQuality "1"]

1. Nf3 e6 2. d4 f5 3. Bf4 Nf6 4. e3 d6 5. c4 g6 6. Nc3 Bg7 7. h3 0-0 8. Be2 Nc6 9. Qc2 Qe7 10. 0-0-0 Nb4 11. Qb3 a5 12. a3 Na6 13. Qc2 b6 14. e4 Bb7 15. e5 Ne4 16. Be3 Nxc3 17. Qxc3 d5 18. Bg5 Qd7 19. h4 c5 20. h5 cxd4 21. Qxd4 Nc5 22. Kb1 Ne4 23. hxg6 hxg6 24. Bh6 Kf7 25. Bd3 Rh8 26. Bxg7 Kxg7 27. Qxb6 Qc6 28. Qxc6 Bxc6 29. Bxe4 fxe4 30. Ng5 Rxh1 31. Rxh1 dxc4 32. Nxe6+ Kf7 33. Ng5+ Kg8 34. Rh6 Kg7 35. Rh7+ Kg8 36. Rc7 Bd5 37. Nh7 Bf7 38. Nf6+ Kf8 39. Nxe4 Bd5 40. Nd6 Be6 41. g4 a4 42. Rc6 Ke7 43. Rc7+ Kf8 44. Kc2 1-0

[Event "SRB-ch sf"]
[Site "Kragujevac"]
[Date "2019.03.13"]
[Round "8"]
[White "Gagic, Miroljub"]
[Black "Todorovic, Kosta"]
[Result "0-1"]
[WhiteElo "1756"]
[BlackElo "1962"]
[PlyCount "118"]
[EventDate "2019.03.08"]
[EventType "swiss"]
[EventRounds "9"]
[EventCountry "SRB"]
[SourceTitle "CBM 189 Extra"]
[Source "ChessBase"]
[SourceDate "2019.06.03"]
[SourceVersion "1"]
[SourceVersionDate "2019.06.03"]
[SourceQuality "1"]

1. Nf3 Nf6 2. g3 g6 3. Bg2 Bg7 4. 0-0 0-0 5. d4 d6 6. b3 Nbd7 7. Bb2 c5 8. d5 b5 9. Re1 Nb6 10. e4 Bb7 11. Nbd2 Qd7 12. c4 bxc4 13. Nxc4 Nxc4 14. bxc4 e5 15. Qc2 Rab8 16. Nd2 Nh5 17. Bf3 Qh3 18. Bg2 Qg4 19. f3 Qg5 20. Nb3 f5 21. Bc1 Qe7 22. exf5 gxf5 23. Rb1 Bc8 24. f4 e4 25. Bb2 Nf6 26. Na5 Bd7 27. Bc3 Rb6 28. Nb3 Ba4 29. Qc1 Rfb8 30. Nd2 Rxb1 31. Nxb1 Ng4 32. Qd2 Bd7 33. h3 Nf6 34. Qe3 Rb4 35. Nd2 Rxc4 36. Nxc4 Nxd5 37. Qd2 Nxc3 38. Qxd6 Qxd6 39. Nxd6 Nxa2 40. Bf1 Bd4+ 41. Kh2 Kg7 42. Bc4 Nb4 43. Nb5 Nc2 44. Rc1 Ne3 45. Be2 Bxb5 46. Bxb5 Kf6 47. Ba6 Nd5 48. Bb7 Nb4 49. Bc8 e3 50. Re1 c4 51. Bd7 c3 52. Ba4 c2 53. Bxc2 Nxc2 54. Re2 Nb4 55. Kg2 a5 56. Kf3 a4 57. Re1 a3 58. Rc1 a2 59. Ke2 Nd5 0-1

[Event "SRB-ch sf"]
[Site "Kragujevac"]
[Date "2019.03.12"]
[Round "7"]
[White "Kokic, Miljko"]
[Black "Gagic, Miroljub"]
[Result "0-1"]
[WhiteElo "1595"]
[BlackElo "1756"]
[PlyCount "65"]
[EventDate "2019.03.08"]
[EventType "swiss"]
[EventRounds "9"]
[EventCountry "SRB"]
[SourceTitle "CBM 189 Extra"]
[Source "ChessBase"]
[SourceDate "2019.06.03"]
[SourceVersion "1"]
[SourceVersionDate "2019.06.03"]
[SourceQuality "1"]

1. e4 c5 2. Nf3 b6 3. d4 cxd4 4. Nxd4 Bb7 5. Bd3 e6 6. 0-0 Be7 7. Nc3 a6 8. Qg4 g6 9. Be3 d6 10. f4 Nd7 11. f5 e5 12. fxg6 hxg6 13. Nde2 Ngf6 14. Qf3 Rh7 15. Bg5 Ng8 16. Bxe7 Nxe7 17. Bc4 f6 18. Bd5 Bxd5 19. Nxd5 Nxd5 20. exd5 Qc7 21. Nc3 f5 22. Qg3 0-0-0 23. b4 Rdh8 24. h3 Qc4 25. Rab1 f4 26. Qe1 Nf6 27. Rb3 Kb7 28. Qd2 g5 29. a4 g4 30. b5 a5 31. Ne2 Qc5+ 32. Rf2 Ne4 33. Nc3 0-1

[Event "SRB-ch sf"]
[Site "Kragujevac"]
[Date "2019.03.11"]
[Round "6"]
[White "Gagic, Miroljub"]
[Black "Brkic, Nenad"]
[Result "0-1"]
[WhiteElo "1756"]
[BlackElo "1691"]
[PlyCount "133"]
[EventDate "2019.03.08"]
[EventType "swiss"]
[EventRounds "9"]
[EventCountry "SRB"]
[SourceTitle "CBM 189 Extra"]
[Source "ChessBase"]
[SourceDate "2019.06.03"]
[SourceVersion "1"]
[SourceVersionDate "2019.06.03"]
[SourceQuality "1"]

1. Nf3 d5 2. d4 Bf5 3. e3 e6 4. c4 c6 5. Nc3 dxc4 6. Bxc4 Nf6 7. 0-0 Bd6 8. Re1 Ne4 9. Bd3 Nxc3 10. bxc3 Bxd3 11. Qxd3 Nd7 12. e4 0-0 13. e5 Be7 14. Re4 Nc5 15. Qe2 Nxe4 16. Qxe4 Qd5 17. Qg4 Kh8 18. h4 b5 19. h5 a5 20. a3 c5 21. h6 gxh6 22. Bxh6 Rg8 23. Ng5 Bxg5 24. Bxg5 Rg6 25. Qf4 h6 26. Bf6+ Kh7 27. g3 cxd4 28. cxd4 Rb8 29. Be7 Kg8 30. Rc1 Qd7 31. Bd6 Rc8 32. Bc5 Qd5 33. Qd2 Rg5 34. Qe2 Kh7 35. Rc3 Rf5 36. g4 Rg8 37. Rg3 Rfg5 38. Qd3+ R5g6 39. Be7 Rc8 40. Bc5 b4 41. axb4 axb4 42. Kh2 Rb8 43. f3 b3 44. Rg1 b2 45. Rb1 Rb3 46. Qe4 Rxf3 47. Qxd5 exd5 48. Rxb2 Rxg4 49. Re2 Rf5 50. Kh3 Rg1 51. Kh2 Rg6 52. Re3 Rg4 53. Kh3 h5 54. Ra3 Rf1 55. Kh2 Re1 56. Rf3 Kg7 57. Be7 Rge4 58. Rd3 Rg4 59. Bc5 Kg6 60. Rf3 Ree4 61. Rd3 Kf5 62. Rd1 Rg8 63. Kh3 h4 64. Rd3 Re1 65. Kh2 Kf4 66. Rh3 Rg4 67. Bb4 0-1

[Event "SRB-ch sf"]
[Site "Kragujevac"]
[Date "2019.03.10"]
[Round "4"]
[White "Savic, Bratislav"]
[Black "Gagic, Miroljub"]
[Result "1-0"]
[WhiteElo "1877"]
[BlackElo "1756"]
[PlyCount "105"]
[EventDate "2019.03.08"]
[EventType "swiss"]
[EventRounds "9"]
[EventCountry "SRB"]
[SourceTitle "CBM 189 Extra"]
[Source "ChessBase"]
[SourceDate "2019.06.03"]
[SourceVersion "1"]
[SourceVersionDate "2019.06.03"]
[SourceQuality "1"]

1. e4 c5 2. Nc3 b6 3. g3 Bb7 4. Bg2 e6 5. d3 Be7 6. Nce2 d5 7. e5 Nc6 8. f4 Nh6 9. Nf3 0-0 10. 0-0 Qc7 11. c3 Rac8 12. Be3 Rfd8 13. Rc1 Qb8 14. h3 Qa8 15. d4 Ba6 16. g4 cxd4 17. Nfxd4 Nxd4 18. Bxd4 Qb8 19. Qd2 Bc5 20. Rf2 Bxe2 21. Rxe2 Bxd4+ 22. Qxd4 Rc4 23. Qd2 Rdc8 24. f5 Kh8 25. f6 Ng8 26. fxg7+ Kxg7 27. Qg5+ Kh8 28. Rf1 Rf8 29. Ref2 Qe8 30. h4 Rc7 31. Qh5 Kg7 32. g5 Ne7 33. Qh6+ Kg8 34. Qf6 Nf5 35. h5 Qe7 36. Rxf5 exf5 37. Bxd5 Qxf6 38. exf6 Rd8 39. c4 b5 40. b3 bxc4 41. bxc4 Kf8 42. Rxf5 Rb8 43. Rf2 a5 44. Rg2 Rb1+ 45. Kh2 Rd1 46. g6 fxg6 47. hxg6 Rxd5 48. g7+ Kg8 49. cxd5 Rd7 50. Rc2 Rd8 51. Rc7 h6 52. d6 Kh7 53. d7 1-0

[Event "SRB-ch sf"]
[Site "Kragujevac"]
[Date "2019.03.09"]
[Round "2"]
[White "Stefanovic, Goran"]
[Black "Gagic, Miroljub"]
[Result "1-0"]
[WhiteElo "2012"]
[BlackElo "1756"]
[PlyCount "79"]
[EventDate "2019.03.08"]
[EventType "swiss"]
[EventRounds "9"]
[EventCountry "SRB"]
[SourceTitle "CBM 189 Extra"]
[Source "ChessBase"]
[SourceDate "2019.06.03"]
[SourceVersion "1"]
[SourceVersionDate "2019.06.03"]
[SourceQuality "1"]

1. Nf3 g6 2. e4 Bg7 3. d4 c6 4. Nc3 d5 5. e5 Nh6 6. Bf4 f6 7. Qd2 Nf7 8. exf6 exf6 9. h4 Bg4 10. Be2 0-0 11. 0-0-0 b5 12. Ne1 Bxe2 13. Nxe2 Nd6 14. Bxd6 Qxd6 15. Nd3 Nd7 16. h5 Rfe8 17. hxg6 hxg6 18. Nef4 Nf8 19. Nc5 Re7 20. g3 Rae8 21. Qd3 Kf7 22. Qf3 a5 23. Qa3 Qc7 24. Qf3 a4 25. Nfd3 Kg8 26. a3 Qc8 27. g4 Nh7 28. Nf4 Nf8 29. Rdg1 Qc7 30. Ncd3 Re4 31. c3 Qd6 32. g5 f5 33. Rh4 R4e7 34. Qh3 Re4 35. Rh1 Kf7 36. Ng2 Rxh4 37. Nxh4 Qe7 38. Qg3 Ne6 39. Nf3 Kg8 40. Re1 1-0

[Event "Paracin Winter op"]
[Site "Paracin"]
[Date "2018.02.03"]
[Round "7"]
[White "Simic, Petar S"]
[Black "Gagic, Miroljub"]
[Result "1/2-1/2"]
[WhiteElo "2023"]
[BlackElo "1755"]
[PlyCount "116"]
[EventDate "2018.01.30"]
[EventType "swiss"]
[EventRounds "9"]
[EventCountry "SRB"]
[SourceTitle "CBM 182 Extra"]
[Source "ChessBase"]
[SourceDate "2018.02.23"]
[SourceVersion "1"]
[SourceVersionDate "2018.02.23"]
[SourceQuality "1"]

1. d4 g6 2. c4 Bg7 3. Nc3 d6 4. e4 Nc6 5. d5 Nd4 6. Be3 c5 7. Nge2 Nxe2 8. Bxe2 Nf6 9. 0-0 0-0 10. Qc2 Ng4 11. Bd2 h5 12. h3 Nh6 13. f4 f5 14. Bd3 Bd4+ 15. Kh2 e6 16. Be1 fxe4 17. Bxe4 Nf5 18. Bxf5 exf5 19. Ne2 Bg7 20. Ng1 Bd7 21. Bc3 Bh6 22. b3 b5 23. Rae1 bxc4 24. bxc4 Re8 25. Rxe8+ Qxe8 26. Re1 Qf7 27. g3 h4 28. Bb2 hxg3+ 29. Kxg3 g5 30. fxg5 Bxg5 31. Qc3 Kh7 32. Nf3 Be7 33. Qg7+ Qxg7+ 34. Bxg7 Re8 35. Bc3 Kg6 36. Kf4 Bd8 37. Rxe8 Bxe8 38. Be1 Ba4 39. Bh4 Bf6 40. Bxf6 Kxf6 41. Nh4 Bc2 42. Ng2 Bd3 43. Ne3 Kg6 44. a4 a5 45. h4 Kh5 46. Nxf5 Bxc4 47. Ke4 Bb3 48. Nxd6 Bxa4 49. Nb7 Be8 50. Nxa5 Kxh4 51. Kf4 Bb5 52. d6 Bd7 53. Nc4 Kh5 54. Ne5 Bb5 55. Kf5 Kh6 56. Kf6 Kh7 57. Kf7 Kh6 58. Ke7 Kg7 1/2-1/2

[Event "Paracin Winter op"]
[Site "Paracin"]
[Date "2018.02.01"]
[Round "3"]
[White "Gagic, Miroljub"]
[Black "Novakovic, Aleksandar S"]
[Result "1/2-1/2"]
[WhiteElo "1755"]
[BlackElo "1911"]
[PlyCount "53"]
[EventDate "2018.01.30"]
[EventType "swiss"]
[EventRounds "9"]
[EventCountry "SRB"]
[SourceTitle "CBM 182 Extra"]
[Source "ChessBase"]
[SourceDate "2018.02.23"]
[SourceVersion "1"]
[SourceVersionDate "2018.02.23"]
[SourceQuality "1"]

1. Nf3 Nf6 2. g3 g6 3. Bg2 d6 4. d4 Bg7 5. 0-0 0-0 6. a4 c5 7. dxc5 dxc5 8. Nc3 Nc6 9. Be3 Qb6 10. a5 Qxb2 11. Na4 Qb5 12. a6 Rd8 13. axb7 Bxb7 14. Qb1 Qxb1 15. Raxb1 Ba6 16. Bxc5 e6 17. Nd4 Nxd4 18. Bxd4 Rac8 19. c3 Bxe2 20. Rfe1 Bd3 21. Rb2 a6 22. Bb7 Rc4 23. Nc5 Bf5 24. Bxa6 Rcxd4 25. cxd4 Rxd4 26. Rb8+ Bf8 27. Nb3 1/2-1/2

[Event "Paracin Winter op"]
[Site "Paracin"]
[Date "2018.01.30"]
[Round "1"]
[White "Gagic, Miroljub"]
[Black "Ugrenovic, Bozidar"]
[Result "0-1"]
[WhiteElo "1755"]
[BlackElo "2250"]
[PlyCount "168"]
[EventDate "2018.01.30"]
[EventType "swiss"]
[EventRounds "9"]
[EventCountry "SRB"]
[SourceTitle "CBM 182 Extra"]
[Source "ChessBase"]
[SourceDate "2018.02.23"]
[SourceVersion "1"]
[SourceVersionDate "2018.02.23"]
[SourceQuality "1"]

1. Nf3 c5 2. g3 Nc6 3. d4 cxd4 4. Nxd4 Qb6 5. Nb3 Nf6 6. Bg2 d6 7. 0-0 g6 8. Nc3 Bg7 9. Be3 Qc7 10. Nb5 Qb8 11. N5d4 Bd7 12. Nxc6 Bxc6 13. Bd4 0-0 14. Bc3 Bxg2 15. Kxg2 b5 16. a3 Qc7 17. Kg1 Rfc8 18. Rc1 a6 19. Qd3 Qd7 20. Kg2 Rc4 21. Nd2 Rc5 22. h4 Rac8 23. Bxf6 Bxf6 24. c3 Bg7 25. Nb3 Rc4 26. Rcd1 Qe6 27. Nd2 R4c7 28. Ne4 Qf5 29. f3 Rb8 30. Nf2 Qe6 31. Ne4 a5 32. Qd5 Qxd5 33. Rxd5 Bf8 34. Rd3 Bg7 35. Rd5 h6 36. Rc1 Rb6 37. Nf2 Rc4 38. Nd1 e6 39. Rd3 d5 40. e3 Rc8 41. Kf2 b4 42. axb4 axb4 43. Ke2 Ra6 44. Kd2 bxc3+ 45. bxc3 Bf6 46. Rb1 Ra2+ 47. Rb2 Rca8 48. Kc2 Ra1 49. Rb1 R1a2+ 50. Rb2 R2a4 51. Rb4 R4a7 52. Rb6 Be7 53. Rb3 Ra1 54. Rb1 R8a2+ 55. Rb2 Ra7 56. Rb1 R1a4 57. Rd4 R4a6 58. Rd2 Bc5 59. Kd3 Kg7 60. Rdb2 Ra4 61. Rb5 Bd6 62. f4 h5 63. Rb6 Bf8 64. R6b3 Kf6 65. Ke2 Ra2+ 66. R1b2 Ra1 67. Rb1 R7a2+ 68. R1b2 Ra4 69. Rb1 R4a2+ 70. R1b2 Ba3 71. Rxa2 Rxa2+ 72. Kf3 Bc1 73. Nf2 Rb2 74. Rb4 Rc2 75. Rb3 Bd2 76. Nd1 Be1 77. e4 dxe4+ 78. Ke3 Bxg3 79. Kxe4 Bxh4 80. Ne3 Rc1 81. Kd3 Bg3 82. Rb4 Be1 83. Nc2 h4 84. f5 g5 0-1

[Event "SRB Central-ch op-B 8th"]
[Site "Paracin"]
[Date "2015.07.08"]
[Round "7"]
[White "Zivanovic, Blagoje"]
[Black "Gagic, Miroljub"]
[Result "1-0"]
[WhiteElo "1940"]
[BlackElo "1807"]
[PlyCount "61"]
[EventDate "2015.07.03"]
[EventType "swiss"]
[EventRounds "9"]
[EventCountry "SRB"]
[SourceTitle "CBM 167 Extra"]
[Source "ChessBase"]
[SourceDate "2015.09.14"]
[SourceVersion "1"]
[SourceVersionDate "2015.09.14"]
[SourceQuality "1"]

1. e4 e6 2. d4 d5 3. Nd2 a6 4. exd5 exd5 5. Nb3 Bd6 6. Bd3 Nf6 7. Ne2 0-0 8. h3 Be6 9. 0-0 Nbd7 10. Bg5 c5 11. dxc5 Nxc5 12. Nxc5 Bxc5 13. c3 h6 14. Bh4 g5 15. Bg3 Ne4 16. Be5 f6 17. Bd4 Bd6 18. f3 Nc5 19. Bc2 f5 20. b4 Nd7 21. Qd3 Qe7 22. Rae1 Qf7 23. f4 Nf6 24. Bxf6 Qxf6 25. Nd4 Bd7 26. fxg5 hxg5 27. Nxf5 Bb5 28. Qxd5+ Kh8 29. c4 Bxb4 30. Re6 Bc5+ 31. Kh1 1-0

[Event "SRB Central-ch op-B 8th"]
[Site "Paracin"]
[Date "2015.07.06"]
[Round "4"]
[White "Gagic, Miroljub"]
[Black "Stahlberg, Adam"]
[Result "1/2-1/2"]
[WhiteElo "1807"]
[BlackElo "1945"]
[PlyCount "146"]
[EventDate "2015.07.03"]
[EventType "swiss"]
[EventRounds "9"]
[EventCountry "SRB"]
[SourceTitle "CBM 167 Extra"]
[Source "ChessBase"]
[SourceDate "2015.09.14"]
[SourceVersion "1"]
[SourceVersionDate "2015.09.14"]
[SourceQuality "1"]

1. Nf3 b6 2. e4 Bb7 3. Nc3 e6 4. d4 Nf6 5. Bd3 a6 6. 0-0 d5 7. e5 Nfd7 8. Ne2 Be7 9. Nf4 g6 10. Nh3 c5 11. c3 Nc6 12. Qe2 b5 13. Be3 c4 14. Bc2 Nb6 15. Nd2 Kd7 16. f4 Qg8 17. Nf3 Qg7 18. Nf2 Bd8 19. g3 Kc7 20. Kg2 Ne7 21. Rh1 Bc6 22. Rag1 Bd7 23. g4 Kb7 24. Kf1 Qf8 25. Ke1 Ra7 26. Ng5 Na8 27. Rf1 Nc7 28. Nd1 h6 29. Nf3 Ne8 30. Nf2 Ng7 31. Qd2 h5 32. h3 Nc6 33. Ng5 Bxg5 34. fxg5 Ka8 35. Nd1 Qe7 36. Qf2 Be8 37. Qg3 Nd8 38. Rh2 Bc6 39. Rhf2 Ne8 40. Bf4 a5 41. gxh5 Rxh5 42. Ne3 Ng7 43. Ng4 Rh8 44. Nh6 Nf5 45. Qf3 Rb7 46. Ng4 b4 47. Bc1 a4 48. Rh1 a3 49. bxa3 b3 50. axb3 cxb3 51. Bb1 b2 52. Rxb2 Rxb2 53. Bxb2 Qxg5 54. Bd3 Kb7 55. Rh2 Kc7 56. Rc2 Qh4+ 57. Nf2 Ba4 58. Rc1 Kd7 59. Qg4 Qh6 60. Qe2 Qg5 61. Qg4 Qe3+ 62. Be2 Rh4 63. Qf3 Qh6 64. Qd3 Rf4 65. Ng4 Qh4+ 66. Kd2 Ng3 67. Re1 Qxh3 68. Nf6+ Rxf6 69. exf6 Qh6+ 70. Qe3 Ne4+ 71. Kd3 Bb5+ 72. Kc2 Ba4+ 73. Kd3 Bb5+ 1/2-1/2

[Event "SRB Central-ch op-B 7th"]
[Site "Paracin"]
[Date "2014.07.10"]
[Round "8"]
[White "Dyulgerov, Dimitar"]
[Black "Gagic, Miroljub"]
[Result "1/2-1/2"]
[WhiteElo "1977"]
[BlackElo "1851"]
[PlyCount "64"]
[EventDate "2014.07.04"]
[EventType "swiss"]
[EventRounds "9"]
[EventCountry "SRB"]
[SourceTitle "CBM 161 Extra"]
[Source "ChessBase"]
[SourceDate "2014.08.29"]
[SourceVersion "1"]
[SourceVersionDate "2014.08.29"]
[SourceQuality "1"]

1. d4 Nf6 2. c4 e6 3. Nc3 Bb4 4. Qc2 Nc6 5. Nf3 d6 6. Bd2 0-0 7. a3 Bxc3 8. Bxc3 Re8 9. e4 e5 10. dxe5 dxe5 11. Rd1 Qe7 12. Be2 Bg4 13. 0-0 Bxf3 14. Bxf3 a5 15. Qb3 b6 16. Rd2 Rad8 17. Rfd1 Rxd2 18. Rxd2 Rd8 19. Qd1 Rxd2 20. Qxd2 h6 21. b4 axb4 22. axb4 g5 23. g3 Kg7 24. Bg2 Kg6 25. h3 h5 26. Kh2 Nd7 27. f4 f6 28. fxg5 fxg5 29. Qd5 Qd6 30. Qg8+ Kh6 31. Qh8+ Kg6 32. Qg8+ Kh6 1/2-1/2

[Event "SRB Central-ch op-B 7th"]
[Site "Paracin"]
[Date "2014.07.05"]
[Round "3"]
[White "Gagic, Miroljub"]
[Black "Majstorovic, Dusan"]
[Result "0-1"]
[WhiteElo "1851"]
[BlackElo "2022"]
[PlyCount "30"]
[EventDate "2014.07.04"]
[EventType "swiss"]
[EventRounds "9"]
[EventCountry "SRB"]
[SourceTitle "CBM 161 Extra"]
[Source "ChessBase"]
[SourceDate "2014.08.29"]
[SourceVersion "1"]
[SourceVersionDate "2014.08.29"]
[SourceQuality "1"]

1. Nf3 g6 2. g3 Bg7 3. Bg2 Nc6 4. d4 d5 5. 0-0 Nf6 6. Ne5 0-0 7. Nxc6 bxc6 8. c4 Ba6 9. c5 Nd7 10. Re1 e5 11. e3 Qf6 12. dxe5 Nxe5 13. Bd2 Nd3 14. Bc3 Qxf2+ 15. Kh1 Nxe1 0-1

[Event "SRB Central-ch op-B 7th"]
[Site "Paracin"]
[Date "2014.07.05"]
[Round "2"]
[White "Thomassen, Thomas"]
[Black "Gagic, Miroljub"]
[Result "0-1"]
[WhiteElo "2050"]
[BlackElo "1851"]
[PlyCount "58"]
[EventDate "2014.07.04"]
[EventType "swiss"]
[EventRounds "9"]
[EventCountry "SRB"]
[SourceTitle "CBM 161 Extra"]
[Source "ChessBase"]
[SourceDate "2014.08.29"]
[SourceVersion "1"]
[SourceVersionDate "2014.08.29"]
[SourceQuality "1"]

1. c4 Nc6 2. g3 Nf6 3. Bg2 d5 4. cxd5 Nxd5 5. Nc3 Nb6 6. Nf3 e5 7. 0-0 Be7 8. a3 0-0 9. b4 a6 10. Rb1 Re8 11. d3 Bf8 12. Ne4 Nd4 13. Bb2 Bg4 14. Ned2 c6 15. h3 Bh5 16. g4 Bg6 17. Nxd4 exd4 18. Nb3 Nd5 19. Bxd4 Nf4 20. Be3 Nxg2 21. Kxg2 f5 22. Bf4 fxg4 23. hxg4 Qf6 24. Qd2 h5 25. gxh5 Bxh5 26. e4 Rad8 27. Bg5 Qf3+ 28. Kg1 Rxd3 29. Qf4 Rxb3 0-1

[Event "SRB Central-ch op"]
[Site "Vrnjacka Banja"]
[Date "2014.03.22"]
[Round "8"]
[White "Gagic, Miroljub"]
[Black "Ratkovic, Petar"]
[Result "1/2-1/2"]
[WhiteElo "1865"]
[BlackElo "1783"]
[PlyCount "89"]
[EventDate "2014.03.17"]
[EventType "swiss"]
[EventRounds "9"]
[EventCountry "SRB"]
[SourceTitle "CBM 159 Extra"]
[Source "ChessBase"]
[SourceDate "2014.04.24"]
[SourceVersion "1"]
[SourceVersionDate "2014.04.24"]
[SourceQuality "1"]

1. Nf3 d5 2. g3 c6 3. Bg2 Nf6 4. 0-0 Bf5 5. d3 e6 6. c4 Nbd7 7. Nbd2 Be7 8. b3 0-0 9. Bb2 dxc4 10. bxc4 Nc5 11. Nb3 Nfd7 12. d4 Na4 13. Bc1 Bb4 14. Nbd2 Qa5 15. e4 Bg6 16. Qb3 c5 17. a3 Bc3 18. Ra2 cxd4 19. Qxb7 Nac5 20. Qb1 Rab8 21. Qc2 d3 22. Qd1 Nxe4 23. Nh4 Bh5 24. g4 Nxd2 25. Bxd2 Bxd2 26. Rxd2 Bxg4 27. Bf3 Bxf3 28. Nxf3 Nc5 29. Kh1 Qxa3 30. Rg1 Ne4 31. Ne5 Nxd2 32. Qxd2 g6 33. Qg5 Qd6 34. Qf6 Qd8 35. Qf4 d2 36. Rd1 Rb2 37. c5 Qd5+ 38. f3 Qxc5 39. Qf6 Qf2 40. Ng4 Qe1+ 41. Kg2 Qe2+ 42. Kg3 h5 43. Nh6+ Kh7 44. Nxf7 Rxf7 45. Qxf7+ 1/2-1/2